[Event "FICGS freestyle Cup 000002 email"]
[Site "FICGS email"]
[Date "2010.04.03"]
[Round "1"]
[White "Taylor, W."]
[Black "De Vassal, Thibault"]
[Result "1-0"]
[WhiteElo "2164"]
[BlackElo "2188"]
[PlyCount "33"]
[EventDate "2010.??.??"]
[EventType "tourn (corr)"]
[EventRounds "1"]
[SourceTitle "Corr 2013"]
[Source "ChessBase"]
[SourceDate "2012.11.12"]
[SourceVersion "1"]
[SourceVersionDate "2012.11.12"]
[SourceQuality "1"]

1. e4 e6 2. d4 d5 3. Nc3 Bb4 4. e5 c5 5. a3 Ba5 6. b4 cxd4 7. Qg4 Ne7 8. bxa5 dxc3 9. Qxg7 Rg8 10. Qxh7 Nbc6 11. Nf3 Qc7 12. Bf4 Bd7 13. a6 0-0-0 14. axb7+ Kxb7 15. Rb1+ Ka8 16. Ba6 Bc8 17. Bd3 1-0